00553nam a2200169Ia 4500008004000000020001800040082001700058100001100075245003500086260007700121300000800198650001200206690001200218906001100230999001900241952012300260210210b1998 xxu||||| |||| 00| 0 eng d a81 230 0637 3 a050.954 INDI aINDIA. aIndia 1998 a reference annual. aNew Delhi.bMinistry of Information & Broadcasting Govt Of India.,c1998 a784 aIndia  aSerials a053221 c101131d101131 001040708GeneralaALbALcGenerald2021-02-17g220.00l0o050.954 INDIp053221r2021-02-17 00:00:00w2021-02-17yBK